| 000 | 00000nam 2200000zi 4500 |
| 001 | 9.931901 |
| 003 | CaOODSP |
| 005 | 20241119112627 |
| 006 | m o d f |
| 007 | cr |n||||||||| |
| 008 | 231229s1995 qucdb ob f|0| 0 fre d |
| 040 | |aCaOODSP|bfre|erda|cCaOODSP |
| 043 | |an-cn--- |
| 086 | 1 |aCW66-1453/1995F-PDF |
| 100 | 1 |aBourget, André, |eauteur. |
| 245 | 14|aLes espèces menacées et en déclin du Saint-Laurent : |bchronologie d'utilisation et distribution des Garrots de Barrow et des Garrots à oeil d'or dans deux secteurs du fleuve Saint-Laurent : I. Les secteur de Lotbinière - Beaumont et Saint-Fabien-sur-mer - baie de Mitis / |cpar André Bourget, Louis Breton, Pierre Dupuis. |
| 246 | 14|aSaint-Laurent vision 2000 |
| 264 | 1|a[Sainte-Foy, Québec] : |bService canadien de la faune, Région du Québec, Environnement Canada, |c1995. |
| 300 | |a1 ressource en ligne (1 volume (pagination multiple)) : |bcartes, graphiques, |
| 336 | |atexte|btxt|2rdacontent/fre |
| 337 | |ainformatique|bc|2rdamedia/fre |
| 338 | |aressource en ligne|bcr|2rdacarrier/fre |
| 500 | |aÉdition numérisée de l’imprimé [par Environnement et changement climatique Canada]. |
| 504 | |aComprend des références bibliographiques. |
| 650 | 6|aGibier d'eau|xHabitat|zSaint-Laurent (Fleuve) |
| 650 | 6|aOiseaux rares|zSaint-Laurent (Fleuve) |
| 650 | 0|aWaterfowl|xHabitat|zSaint Lawrence River. |
| 650 | 0|aRare birds|zSaint Lawrence River. |
| 710 | 2 |aService canadien de la faune. |bRégion du Québec, |eorganisme de publication. |
| 710 | 1 |aCanada. |bEnvironnement Canada, |eorganisme de publication. |
| 856 | 40|qPDF|s5.16 Mo|uhttps://publications.gc.ca/collections/collection_2024/eccc/cw66/CW66-1453-1995-fra.pdf |